Normal view
MARC view
Entry Personal Name
001 - CONTROL NUMBER
- control field: 36303
003 - CONTROL NUMBER IDENTIFIER
- control field: ARRUPE
005 - DATE AND TIME OF LATEST TRANSACTION
- control field: 20170927103801.0
008 - FIXED-LENGTH DATA ELEMENTS
- fixed length control field: 170927|| aca||aabn | a|a d
040 ## - CATALOGING SOURCE
- Original cataloging agency: ARRUPE
- Transcribing agency: ARRUPE
100 ## - HEADING--PERSONAL NAME
- Personal name: Osborne, Peter,
- Dates associated with a name: 1958-
670 ## - SOURCE DATA FOUND
- Source citation: Work cat.: (ARRUPE)94559: Philosophies of race and ethnicity /, 2002.